Loading...
| Literature - World | 0 | 5 | 0 | 1 | 50 | 90 | 124.00 | 0 | 3 | 5.89 | 24.44 |
| History - Other | 0 | 5 | 0 | 0 | 50 | 89 | 114.60 | 0 | 3 | 5.74 | 20.00 |
| Philosophy | 0 | 4 | 0 | 0 | 40 | 106 | 113.75 | 0 | 2 | 3.13 | 20.00 |
| Fine Arts - Other | 0 | 4 | 0 | 0 | 40 | 45 | 86.75 | 2 | 4 | 14.90 | 37.78 |
| Science - Physics | 0 | 4 | 0 | 3 | 40 | 93 | 110.25 | 0 | 2 | 3.26 | 17.78 |
| Science - Biology | 0 | 4 | 1 | 1 | 35 | 48 | 94.25 | 1 | 3 | 7.39 | 28.89 |
| History - World | 0 | 3 | 0 | 3 | 30 | 119 | 130.33 | 0 | 0 | 0.08 | 6.67 |
| Literature - American | 0 | 3 | 0 | 0 | 30 | 88 | 100.67 | 0 | 3 | 10.12 | 22.22 |
| Fine Arts - Classical Music | 0 | 3 | 1 | 0 | 25 | 96 | 109.67 | 1 | 2 | 3.26 | 22.22 |
| Religion | 0 | 3 | 1 | 0 | 25 | 46 | 85.67 | 1 | 2 | 9.62 | 24.44 |
| Social Science | 0 | 2 | 0 | 0 | 20 | 90 | 95.00 | 0 | 0 | 3.93 | 6.67 |
| Fine Arts - Painting and Sculpture | 0 | 2 | 0 | 0 | 20 | 61 | 96.50 | 1 | 1 | 6.01 | 13.33 |
| History - American | 0 | 2 | 0 | 1 | 20 | 117 | 120.00 | 0 | 1 | 0.95 | 8.89 |
| History - European | 0 | 2 | 0 | 0 | 20 | 97 | 111.00 | 1 | 1 | 2.44 | 15.56 |
| Literature - European | 0 | 3 | 2 | 0 | 20 | 87 | 110.33 | 0 | 1 | 7.23 | 15.56 |
| Science - Other | 0 | 2 | 1 | 1 | 15 | 45 | 81.50 | 1 | 1 | 7.26 | 13.33 |
| Literature - British | 0 | 2 | 1 | 0 | 15 | 104 | 123.00 | 1 | 2 | 2.61 | 17.78 |
| Mythology | 0 | 3 | 4 | 0 | 10 | 87 | 92.00 | 0 | 2 | 7.86 | 13.33 |
| Science - Chemistry | 0 | 0 | 0 | 0 | 0 | 0.00 | 0 | 0 | 0.00 | 0.00 |